| 000 | 00631nam a22002177a 4500 | ||
|---|---|---|---|
| 003 | OSt | ||
| 005 | 20140310183052.0 | ||
| 008 | 130228t xxu||||| |||| 00| 0 eng d | ||
| 020 | _a9710868543 | ||
| 050 |
_aHF 5635 _b.H565 2007 |
||
| 100 | _aHerrero, Carmen C. | ||
| 245 |
_aAccounting principles 3 : _btextbook/workbook / _cCarmen C. Herrero, Amelia M. Arganda Bernardo G. Del Rosario, Jr., coordinator |
||
| 260 |
_aMandaluyong City ; _bNational Book Store, _c2007. |
||
| 300 |
_a262 p. : _c25 cm. |
||
| 521 | _aBSA | ||
| 562 | _e2 | ||
| 942 |
_2lcc _cBK _kLOC |
||
| 999 |
_c18665 _d18665 |
||